000 01032cad a22002175a 4500
001 L148813
008 091111e20091104xxk f 000 0 eng d
035 _a(Sirsi) u148813
041 0 _aeng
110 2 _aCommission for Architecture and the Built Environment
_94058
245 0 0 _aNew guidance launched in response to boom in design review
_h[electronic resource]
260 _c2009
490 0 _aCABE Press Release
_v4 November 2009
520 _aAnnounces the launch of a new guidance entitled "Design Review: Principles and Practice" (see L148768). Suggests that it will promote high standards for all panels at whatever level due to the ten principles of good practice set in this publication.
521 _aAdvanced
590 _aKA
651 4 _aEngland
_y886-
690 _aBUILT ENVIRONMENT-CONSTRUCTION MANAGEMENT-CONSTRUCTION DESIGN AND MANAGEMENT
856 4 0 _uhttps://www.cabe.org.uk/press-release/new-design-review-guidance-launched
_zView the press release free of charge at www.cabe.org.uk...
942 _n0
999 _c110240
_d110240